Futbolistas Famosos del Barcelona por Imagen - Estadísticas

Estadísticas generales
  • Esta prueba ha sido intentada 2.037 veces
  • La puntuación promedio es 23 de 30
Estadísticas de respuestas
Imagen Respuesta % Correcto
Andres Iniesta
99%
Gerard Pique
99%
Lionel Messi
99%
Luis Suarez
98%
Carles Puyol
97%
Xavi
96%
Neymar
95%
Ronaldinho
95%
David Villa
94%
Diego Maradona
94%
Jordi Alba
92%
Sergio Busquets
92%
Johan Cruyff
89%
Ivan Rakitic
88%
Samuel Eto'o
83%
Thierry Henry
83%
Javier Mascherano
82%
Rivaldo
81%
Pep Guardiola
79%
Ronald Koeman
78%
Pedro
74%
Romario
65%
Eric Abidal
60%
Yaya Touré
59%
Patrick Kluivert
52%
Rafael Márquez
51%
Michael Laudrup
50%
Hristo Stoichkov
46%
Gary Lineker
29%
Gheorghe Hagi
20%
No se encontraron pruebas coincidentes
Distribución de puntuación
Porcentaje de gente con cada puntuación
Porcentaje por número respondido
Historial de tus puntuaciones
No has intentado esta prueba.